Statistics for Splatoon 3 Splatfests

Click here to take the quiz!

General Stats

  • This quiz has been taken 613 times
    (115 since last reset)
  • The average score is 21 of 27

Answer Stats

Answer% Correct
Fire
97%
Water
97%
Sweet
92%
Grass
91%
Sour
91%
Dark Chocolate
86%
Milk Chocolate
86%
Spicy
86%
Vanilla
84%
White Chocolate
84%
Bigfoot
81%
Nessie
73%
Aliens
72%
Fun
72%
Money
72%
Love
71%
Paper
71%
Rock
71%
Power
68%
Scissors
68%
Wisdom
68%
Grub
67%
Strawberry
66%
Fame
65%
Gear
65%
Courage
61%
Mint Chip
49%

Score Distribution

Percentile by Number Answered

Percent of People with Each Score

Your Score History

You have not taken this quiz since the last reset